[Event "K41 Aabent Mesterskab 2008-09"]
[Site "Valby"]
[Date "2009.02.03"]
[Round "6"]
[White "Gjedde, Thomas"]
[Black "Eiholt, Bjarne"]
[Result "1-0"]
[WhiteElo "1966"]
[BlackElo "1578"]
[PlyCount "65"]
[EventDate "2008.??.??"]

1. d4 d5 2. Nf3 Nf6 3. c4 e6 4. Nc3 c6 5. e3 Be7 6. Bd3 dxc4 7. Bxc4 b5 8. Bd3
O-O 9. O-O a6 10. e4 c5 11. dxc5 Bxc5 12. e5 Nd5 13. Bxh7+ Kxh7 14. Ng5+ Kg6
15. Qd3+ f5 16. exf6+ Kxf6 17. Nge4+ Kf7 18. Nxc5 Kg8 19. N3e4 Nf6 20. Qxd8
Rxd8 21. Bg5 Nxe4 22. Nxe4 Rd5 23. Rac1 Bb7 24. Rc7 Rd7 25. Rxd7 Nxd7 26. Re1
Rc8 27. Nd6 Rc5 28. Nxb7 Rxg5 29. Rxe6 Rd5 30. Rd6 Re5 31. Kf1 Nf6 32. Rxa6 Ne4
33. f3 1-0

[Event "K41 Aabent Mesterskab 2008-09"]
[Site "Valby"]
[Date "2009.02.03"]
[Round "6"]
[White "Gjelstrup, Ole"]
[Black "Hou, Mads"]
[Result "1/2-1/2"]
[WhiteElo "1331"]
[BlackElo "1477"]
[PlyCount "110"]
[EventDate "2008.??.??"]

1. d4 Nf6 2. Nf3 b6 3. e3 Bb7 4. Nbd2 g6 5. b3 Bg7 6. Bb2 O-O 7. Bd3 c5 8. O-O
d5 9. c4 Nc6 10. Rc1 Nb4 11. Bb1 dxc4 12. bxc4 Qc7 13. a3 Na6 14. d5 Ne8 15.
Bxg7 Kxg7 16. Re1 Bc8 17. Qb3 e5 18. Qc3 f6 19. Nh4 Qf7 20. f4 exf4 21. exf4
Nd6 22. Ne4 Nxe4 23. Rxe4 Bd7 24. Re3 Rae8 25. Rg3 Kh6 26. Nxg6 hxg6 27. Rxg6+
Qxg6 28. Bxg6 Kxg6 29. Qf3 Rh8 30. g4 Nb8 31. f5+ Kf7 32. Qg3 Rhg8 33. Qf3 Re5
34. Kh1 Rh8 35. Kg2 Ke8 36. Rc2 Kd8 37. Re2 Rhe8 38. Rxe5 Rxe5 39. h4 Ba4 40.
h5 Bc2 41. Qf4 Nd7 42. Qh6 Bb3 43. Qh8+ Re8 44. Qg7 Bxc4 45. h6 Bxd5+ 46. Kf2
Bg8 47. g5 fxg5 48. Qxg5+ Kc8 49. Qg6 Rf8 50. h7 Bxh7 51. Qxh7 b5 52. Ke3 a5
53. Qg6 Rf6 54. Qg8+ Rf8 55. Qd5 Kc7 1/2-1/2

[Event "K41 Aabent Mesterskab 2008-09"]
[Site "Valby"]
[Date "2009.02.03"]
[Round "6"]
[White "Hansen, Peter Steen"]
[Black "Ringsborg, Allan"]
[Result "0-1"]
[WhiteElo "1124"]
[BlackElo "1641"]
[PlyCount "120"]
[EventDate "2008.??.??"]

1. d4 f5 2. c4 Nf6 3. Nf3 e6 4. Bg5 Be7 5. Nc3 d6 6. e3 b6 7. h3 Bb7 8. Bd3
Nbd7 9. O-O h6 10. Bh4 O-O 11. Re1 Ne4 12. Bxe7 Qxe7 13. d5 Nxc3 14. bxc3 e5
15. Bc2 c5 16. g3 e4 17. Nh4 Qf6 18. Ng2 Ne5 19. Kh1 Nf3 20. Re2 g5 21. Ne1
Qxc3 22. Bb3 Nxe1 23. Qxe1 Qxe1+ 24. Raxe1 Rae8 25. Rg1 Bc8 26. Kh2 Rf6 27.
Ree1 Re7 28. Ref1 Bd7 29. Bd1 g4 30. h4 h5 31. Be2 Rf8 32. Rb1 Rb8 33. Bd1 Be8
34. Be2 Reb7 35. Rb2 a6 36. Rgb1 Kf7 37. Kg2 Ke7 38. Kf1 Kd8 39. Ke1 Kc7 40.
Kd2 b5 41. a4 bxc4 42. Rxb7+ Rxb7 43. Rxb7+ Kxb7 44. a5 Bb5 45. Kc3 Kc7 46. Bf1
Kd7 47. Bg2 Ke7 48. Bf1 Kf6 49. Bxc4 Bxc4 50. Kxc4 Ke5 51. Kc3 Kxd5 52. Kd2 Kc4
53. Kc2 Kb4 54. Kb2 Kxa5 55. Kb3 d5 56. Kc3 Ka4 57. Kb2 Kb4 58. Kc2 a5 59. Kb2
a4 60. Ka2 c4 0-1

[Event "K41 Aabent Mesterskab 2008-09"]
[Site "Valby"]
[Date "2009.02.03"]
[Round "6"]
[White "Karup, Jesper"]
[Black "Ryberg, Denis"]
[Result "1/2-1/2"]
[WhiteElo "1638"]
[BlackElo "1773"]
[PlyCount "64"]
[EventDate "2008.??.??"]

1. e4 c5 2. Nf3 Nc6 3. Bb5 g6 4. Bxc6 bxc6 5. O-O Bg7 6. d3 Rb8 7. c3 d6 8. Re1
e6 9. e5 d5 10. Qc2 Ne7 11. Be3 Qa5 12. Nbd2 Qb5 13. Qb3 Rb7 14. Qxb5 Rxb5 15.
a4 Rxb2 16. Bxc5 a5 17. Reb1 Rc2 18. Nb3 Rxc3 19. d4 f6 20. exf6 Bxf6 21. Nxa5
Rxc5 22. dxc5 Bxa1 23. Rxa1 Kd7 24. Ne5+ Kc7 25. Rb1 Rf8 26. Rb6 Rf4 27. Nexc6
Rxa4 28. Kf1 Nxc6 29. Rxc6+ Kd7 30. Rd6+ Kc7 31. Rc6+ Kd7 32. Rd6+ Kc7 1/2-1/2

[Event "K41 Aabent Mesterskab 2008-09"]
[Site "Valby"]
[Date "2009.02.03"]
[Round "6"]
[White "Krogh, Soren"]
[Black "Christensen, Aage Niels"]
[Result "0-1"]
[WhiteElo "1243"]
[BlackElo "1463"]
[PlyCount "36"]
[EventDate "2008.??.??"]

1. Nf3 Nc6 2. c4 e5 3. Nc3 Nf6 4. d3 Bb4 5. Bg5 h6 6. Bh4 d6 7. Qc2 Nd4 8. Nxd4
exd4 9. a3 Bxc3+ 10. bxc3 dxc3 11. Qxc3 O-O 12. e4 Nxe4 13. Bxd8 Nxc3 14. Bxc7
Re8+ 15. Kd2 Na4 16. Be2 Bf5 17. Bf3 Nc5 18. Be2 Nb3+ 0-1

[Event "K41 Aabent Mesterskab 2008-09"]
[Site "Valby"]
[Date "2009.02.03"]
[Round "6"]
[White "Mollmann, Erik"]
[Black "Dyremose, Morten Sigvart"]
[Result "1/2-1/2"]
[WhiteElo "1482"]
[BlackElo "1123"]
[PlyCount "53"]
[EventDate "2008.??.??"]

1. d4 d5 2. Bf4 e6 3. e3 Nc6 4. c3 Nf6 5. Bd3 h6 6. Nf3 Bd6 7. Ne5 Bxe5 8. dxe5
Ne4 9. Bxe4 dxe4 10. Qxd8+ Nxd8 11. Nd2 Nc6 12. Nxe4 g5 13. Nf6+ Ke7 14. Bg3
Rd8 15. O-O b6 16. f4 Bb7 17. fxg5 hxg5 18. Ne4 Rg8 19. h4 gxh4 20. Bxh4+ Kf8
21. Ng5 Nxe5 22. g3 Ke8 23. Rad1 Rc8 24. Rd4 c5 25. Rd6 Bd5 26. Nh7 Nf3+ 27.
Rxf3 1/2-1/2

[Event "K41 Aabent Mesterskab 2008-09"]
[Site "Valby"]
[Date "2009.02.03"]
[Round "6"]
[White "Nielsen, Frode Benedikt"]
[Black "Jorgensen, Kasper Moller"]
[Result "0-1"]
[WhiteElo "1973"]
[BlackElo "1932"]
[PlyCount "50"]
[EventDate "2008.??.??"]

1. c4 e5 2. Nc3 d6 3. g3 f5 4. e4 fxe4 5. Nxe4 Be7 6. Bg2 Nf6 7. Ne2 O-O 8. O-O
Nc6 9. d4 Bg4 10. dxe5 dxe5 11. Nxf6+ Bxf6 12. Qd5+ Kh8 13. Nc3 Qe8 14. Be3 Rd8
15. Qc5 e4 16. Nxe4 Bxb2 17. Rab1 Rf5 18. Rxb2 Rxc5 19. Nxc5 Ne5 20. Rxb7 Nf3+
21. Bxf3 Bxf3 22. Rxc7 h6 23. Rb1 Qh5 24. h4 Qf5 25. Re1 Qh3 0-1

[Event "K41 Aabent Mesterskab 2008-09"]
[Site "Valby"]
[Date "2009.02.03"]
[Round "6"]
[White "Nielsen, Jorgen Holmstrom"]
[Black "Jorgensen, Rasmus"]
[Result "0-1"]
[WhiteElo "1591"]
[BlackElo "2036"]
[PlyCount "61"]
[EventDate "2008.??.??"]

1. Nc3 g6 2. d4 Bg7 3. Bf4 d6 4. Qd2 a6 5. e4 b5 6. Rd1 Bb7 7. a3 Nd7 8. f3 Rc8
9. Nge2 c5 10. Bg3 Bh6 11. Bf4 Bxf4 12. Nxf4 cxd4 13. Qxd4 e5 14. Qxd6 exf4 15.
Qxf4 Qc7 16. Qh4 Qc5 17. Bd3 Ngf6 18. Kd2 O-O 19. Rhe1 Qd4 20. Kc1 Rxc3 21.
bxc3 Qxc3 22. e5 Nd5 23. e6 Nc5 24. exf7+ Kg7 25. Kb1 Na4 26. Kc1 Rxf7 27. Qg3
Nf4 28. Re3 Qxa3+ 29. Kd2 Qc3+ 30. Kc1 Nb2 31. Bxg6 0-1

[Event "K41 Aabent Mesterskab 2008-09"]
[Site "Valby"]
[Date "2009.02.03"]
[Round "6"]
[White "Nielsen, Lars Emil Woetmann"]
[Black "Truelsen, Ole Illum"]
[Result "1/2-1/2"]
[WhiteElo "1241"]
[BlackElo "1802"]
[PlyCount "107"]
[EventDate "2008.??.??"]

1. Nf3 d5 2. g3 f5 3. d4 Nf6 4. Bg2 e6 5. Bg5 Bd6 6. Nc3 a6 7. Bxf6 Qxf6 8. e3
c6 9. Ne2 O-O 10. O-O Bd7 11. c3 Be8 12. Nf4 Nd7 13. Qc2 Kh8 14. Rfe1 Rg8 15.
h4 h6 16. Nd3 g5 17. hxg5 hxg5 18. Kf1 Bg6 19. Ke2 f4 20. g4 Be4 21. Qb3 Rab8
22. Rh1+ Kg7 23. Rh5 Bxf3+ 24. Bxf3 e5 25. Rah1 Kf8 26. Rh6 Qe7 27. Rh7 Rg7 28.
Rh8+ Kf7 29. e4 Rxh8 30. Rxh8 exd4 31. cxd4 c5 32. Qxd5+ Qe6 33. Qxb7 cxd4 34.
Qxa6 Nf6 35. Rh6 Rg6 36. Qa7+ Be7 37. Rxg6 Kxg6 38. Qxd4 Nxg4 39. Qd5 Qc8 40.
Qf5+ Qxf5 41. exf5+ Kxf5 42. Bxg4+ Kxg4 43. f3+ Kg3 44. b4 g4 45. fxg4 f3+ 46.
Kf1 Kxg4 47. a4 Kf5 48. a5 Bd8 49. Kf2 Ke4 50. Nc5+ Kd5 51. a6 Bb6 52. Kxf3 Kc4
53. Ke4 Kxb4 54. Nd7 1/2-1/2

[Event "K41 Aabent Mesterskab 2008-09"]
[Site "Valby"]
[Date "2009.02.03"]
[Round "6"]
[White "Nielsen, Soren Skovso"]
[Black "Pommerencke, Lars"]
[Result "1-0"]
[WhiteElo "1556"]
[BlackElo "1424"]
[PlyCount "73"]
[EventDate "2008.??.??"]

1. Nf3 d5 2. e3 c5 3. b3 Nc6 4. Bb2 Nf6 5. Be2 Bg4 6. O-O e6 7. c4 Be7 8. cxd5
exd5 9. d3 O-O 10. Nbd2 Re8 11. Re1 Bd6 12. d4 cxd4 13. Nxd4 Bxe2 14. Rxe2 Nxd4
15. Bxd4 b6 16. Rc1 Ng4 17. Nf1 Ne5 18. Rec2 Ba3 19. Bb2 Bxb2 20. Rxb2 Qd7 21.
Rd2 Red8 22. Ng3 g6 23. h3 Nc6 24. Ne4 Qf5 25. Nc3 d4 26. exd4 Rac8 27. d5 Nb4
28. d6 Rd7 29. a3 Na6 30. Nd5 Rxc1 31. Qxc1 Kg7 32. Ne7 Qe6 33. Qc3+ f6 34. Qg3
Qe1+ 35. Kh2 Qxd2 36. b4 Qxd6 37. Nf5+ 1-0

[Event "K41 Aabent Mesterskab 2008-09"]
[Site "Valby"]
[Date "2009.02.03"]
[Round "6"]
[White "Ottosen, Peder"]
[Black "Nielsen, Jimmy O"]
[Result "1-0"]
[WhiteElo "2050"]
[BlackElo "1767"]
[PlyCount "35"]
[EventDate "2008.??.??"]

1. d4 d5 2. c4 c6 3. Nf3 Nf6 4. Nc3 e6 5. e3 Nbd7 6. Qc2 Bd6 7. g4 Nxg4 8. Rg1
Nxh2 9. Nxh2 Bxh2 10. Rxg7 f5 11. f4 Bxf4 12. exf4 Nf6 13. Bd2 Ng4 14. O-O-O
Qf6 15. Rg5 Qxd4 16. Re1 Kf7 17. cxd5 exd5 18. Nxd5 1-0

[Event "K41 Aabent Mesterskab 2008-09"]
[Site "Valby"]
[Date "2009.02.03"]
[Round "6"]
[White "Rasmussen, Morten(1956)"]
[Black "Krull, Carl"]
[Result "1-0"]
[WhiteElo "1724"]
[BlackElo "1467"]
[PlyCount "105"]
[EventDate "2008.??.??"]

1. d4 Nf6 2. c4 e5 3. dxe5 Ng4 4. Nf3 Nc6 5. Bf4 Bb4+ 6. Nbd2 Qe7 7. a3 Ngxe5
8. Nxe5 Nxe5 9. e3 Bxd2+ 10. Qxd2 d6 11. Be2 O-O 12. O-O a5 13. Qc2 b6 14. e4
Bb7 15. f3 Rfe8 16. Rfe1 Bc6 17. b3 Qf6 18. Be3 Ng6 19. Qd2 Qe5 20. Bd4 Qf4 21.
Qc3 f6 22. Kf2 Bxe4 23. Be3 Qh4+ 24. Kg1 Bc6 25. b4 axb4 26. axb4 Qh5 27. f4
Qf5 28. Rxa8 Bxa8 29. Qd2 Nh4 30. Bf1 Qg6 31. Kh1 Qe4 32. Bf2 Qxg2+ 33. Bxg2
Bxg2+ 34. Kg1 Rxe1+ 35. Qxe1 Nf3+ 36. Kxg2 Nxe1+ 37. Bxe1 g6 38. Kf3 Kf7 39.
Ke4 Ke6 40. b5 f5+ 41. Kd4 Ke7 42. Kd5 Kd7 43. Bh4 Kc8 44. Kc6 Kb8 45. Be7 Kc8
46. h4 h6 47. Bf8 h5 48. Be7 Kb8 49. Bd8 d5 50. Bxc7+ Kc8 51. cxd5 g5 52. d6
gxh4 53. d7# 1-0

[Event "K41 Aabent Mesterskab 2008-09"]
[Site "Valby"]
[Date "2009.02.03"]
[Round "6"]
[White "Sorensen, Dick"]
[Black "Abildgaard, Kenneth"]
[Result "1/2-1/2"]
[WhiteElo "1873"]
[BlackElo "1796"]
[PlyCount "87"]
[EventDate "2008.??.??"]

1. e4 e5 2. Nf3 Nc6 3. Bc4 Bc5 4. O-O d6 5. d3 Bg4 6. Be3 Qf6 7. Nbd2 Nd4 8.
Bxd4 Bxd4 9. c3 Bb6 10. a4 a6 11. a5 Ba7 12. Qa4+ Bd7 13. Qb3 Rb8 14. d4 Ne7
15. dxe5 dxe5 16. Qc2 O-O 17. b4 Rbd8 18. Rfb1 c6 19. Bf1 Be6 20. c4 Bd4 21.
Nxd4 exd4 22. Nb3 Ng6 23. Nc5 Bc8 24. Nd3 Ne5 25. b5 Nxd3 26. Bxd3 c5 27. bxa6
bxa6 28. Rb6 Qe5 29. Rf1 f6 30. f4 Qc7 31. e5 f5 32. Qf2 Rde8 33. Qh4 Re6 34.
Rfb1 Qf7 35. g4 Qg6 36. Rxe6 Bxe6 37. Rb6 Qf7 38. Rxa6 Bxc4 39. Bxf5 g6 40. Rf6
Qe8 41. Be4 Rxf6 42. Qxf6 Qa4 43. Qd8+ Kg7 44. Qf6+ 1/2-1/2

[Event "K41 Aabent Mesterskab 2008-09"]
[Site "Valby"]
[Date "2009.02.10"]
[Round "7"]
[White "Abildgaard, Kenneth"]
[Black "Ottosen, Peder"]
[Result "0-1"]
[WhiteElo "1796"]
[BlackElo "2050"]
[PlyCount "60"]
[EventDate "2008.??.??"]

1. Nf3 d5 2. c4 c6 3. b3 Nf6 4. Bb2 Bg4 5. d4 e6 6. c5 Nbd7 7. e3 e5 8. Be2
exd4 9. exd4 Ne4 10. O-O Be7 11. h3 Bh5 12. b4 O-O 13. Nbd2 f5 14. Ne5 Be8 15.
Ndf3 a6 16. Nxd7 Bxd7 17. Ne5 Be6 18. Bd3 Qe8 19. Bc1 Bf6 20. Bf4 Rd8 21. Qc1
Bc8 22. Re1 Qh5 23. Qe3 g5 24. Bxe4 dxe4 25. Bh2 Rd5 26. f3 Rfd8 27. Rad1 f4
28. Qxe4 Bxe5 29. dxe5 Rxd1 30. Kf1 Qh4 0-1

[Event "K41 Aabent Mesterskab 2008-09"]
[Site "Valby"]
[Date "2009.02.10"]
[Round "7"]
[White "Christensen, Aage Niels"]
[Black "Nielsen, Soren Skovso"]
[Result "1-0"]
[WhiteElo "1463"]
[BlackElo "1556"]
[PlyCount "115"]
[EventDate "2008.??.??"]

1. e3 Nf6 2. d4 e6 3. c4 b6 4. Nc3 Bb7 5. Nf3 Be7 6. Bd3 d6 7. Qe2 Nbd7 8. O-O
c5 9. Re1 O-O 10. Bd2 d5 11. cxd5 cxd4 12. Nxd4 Nxd5 13. Rac1 Nc5 14. Bb1 Ba6
15. Qf3 Nb4 16. Red1 Nbd3 17. Bxd3 Nxd3 18. Rb1 Ne5 19. Qh3 Bb7 20. Nce2 Bf6
21. Bc3 Qe8 22. Nf4 Be4 23. Rbc1 Nd7 24. Ndxe6 fxe6 25. Nxe6 Bxc3 26. Nxf8 Nxf8
27. Rxc3 Qa4 28. Rdc1 Rd8 29. Qg4 Qe8 30. Rc7 Bg6 31. Rxa7 Rd7 32. Rxd7 Qxd7
33. Qxd7 Nxd7 34. Rc7 Be8 35. Kf1 Kf8 36. Ke2 b5 37. a3 Ke7 38. Rb7 Kd6 39.
Rxb5 Ne5 40. Rb4 Bg6 41. Rb3 Kc5 42. f3 Bf7 43. Rc3+ Kb6 44. b3 g6 45. a4 Nc6
46. Kd2 Nb4 47. e4 h5 48. Ke3 g5 49. Kd4 Nc6+ 50. Ke3 Nb4 51. g3 Na2 52. Rd3
Nb4 53. Rd2 Bxb3 54. Rb2 Bxa4 55. Rxb4+ Ka5 56. Rxa4+ Kxa4 57. Kd4 Kb5 58. Kd5
1-0

[Event "K41 Aabent Mesterskab 2008-09"]
[Site "Valby"]
[Date "2009.02.10"]
[Round "7"]
[White "Dyremose, Morten Sigvart"]
[Black "Gjelstrup, Ole"]
[Result "1/2-1/2"]
[WhiteElo "1123"]
[BlackElo "1331"]
[PlyCount "75"]
[EventDate "2008.??.??"]

1. e4 e5 2. Nf3 Nc6 3. Bb5 a6 4. Bxc6 dxc6 5. d4 exd4 6. Qxd4 Qxd4 7. Nxd4 Nf6
8. Nd2 c5 9. N4f3 Be7 10. O-O O-O 11. Re1 b5 12. c4 Re8 13. b3 Bb7 14. e5 Nd7
15. Bb2 Rad8 16. Rad1 Nf8 17. cxb5 axb5 18. a4 Rd3 19. axb5 Red8 20. Rc1 Ne6
21. Rc3 Nf4 22. Rxd3 Nxd3 23. Rb1 Bxf3 24. gxf3 Nxf2 25. Kxf2 Rxd2+ 26. Kg3 Re2
27. Bc3 g5 28. Rb2 Re3 29. Rc2 h5 30. h3 Kh7 31. Kf2 Rd3 32. Ke2 Rd7 33. Rd2
Rxd2+ 34. Kxd2 Kg6 35. Ke3 Kf5 36. Bb2 Bf8 37. Bc3 Be7 38. Bb2 1/2-1/2

[Event "K41 Aabent Mesterskab 2008-09"]
[Site "Valby"]
[Date "2009.02.10"]
[Round "7"]
[White "Eiholt, Bjarne"]
[Black "Nielsen, Jimmy O"]
[Result "0-1"]
[WhiteElo "1578"]
[BlackElo "1767"]
[PlyCount "48"]
[EventDate "2008.??.??"]

1. d4 d5 2. c4 c6 3. Nc3 Nf6 4. Bg5 e6 5. cxd5 exd5 6. e3 Be7 7. Bd3 O-O 8. Qc2
Nbd7 9. Nge2 Re8 10. O-O Ne4 11. Bxe7 Qxe7 12. Rae1 Ndf6 13. Kh1 Ng4 14. Nf4
Qh4 15. Nh3 Ngf6 16. Nf4 g5 17. g3 Qh6 18. Ng2 Qh3 19. Nxe4 dxe4 20. Be2 Bg4
21. f3 Bxf3 22. Bxf3 exf3 23. Nf4 gxf4 24. gxf4 Kh8 0-1

[Event "K41 Aabent Mesterskab 2008-09"]
[Site "Valby"]
[Date "2009.02.10"]
[Round "7"]
[White "Gjedde, Thomas"]
[Black "Nielsen, Frode Benedikt"]
[Result "1/2-1/2"]
[WhiteElo "1966"]
[BlackElo "1973"]
[PlyCount "93"]
[EventDate "2008.??.??"]

1. d4 Nf6 2. Nf3 c5 3. d5 e6 4. c4 exd5 5. cxd5 d6 6. Nc3 g6 7. e4 Bg7 8. Bd3
O-O 9. O-O Bg4 10. h3 Bxf3 11. Qxf3 Re8 12. Bg5 a6 13. a4 Nbd7 14. Qe2 Rc8 15.
Rae1 Ne5 16. Bb1 h6 17. Be3 g5 18. f4 gxf4 19. Rxf4 c4 20. Ref1 Ng6 21. Rf5 Nh4
22. R5f2 Ng6 23. Rf5 Nh4 24. R5f2 Ng6 25. Bd4 Ne5 26. Be3 Rb8 27. a5 Kh7 28.
Rf5 Ng8 29. Qh5 f6 30. Kh2 Qxa5 31. Ne2 Nd3 32. Nf4 Rxe4 33. Qg6+ Kh8 34. Ne6
Rxe6 35. dxe6 Qd8 36. Bxd3 cxd3 37. Bd2 Qe8 38. Qxe8 Rxe8 39. R5f3 Rxe6 40.
Rxd3 Ne7 41. Bc3 f5 42. Bxg7+ Kxg7 43. Rfd1 d5 44. Kg3 Kf6 45. Kf3 Rb6 46. R1d2
Rb4 47. Rd4 1/2-1/2

[Event "K41 Aabent Mesterskab 2008-09"]
[Site "Valby"]
[Date "2009.02.10"]
[Round "7"]
[White "Hou, Mads"]
[Black "Kristensen, Steffen Michael"]
[Result "1-0"]
[WhiteElo "1477"]
[BlackElo "1164"]
[PlyCount "51"]
[EventDate "2008.??.??"]

1. e4 e5 2. Nf3 Nc6 3. Bc4 Nd4 4. c3 Nxf3+ 5. Qxf3 Qf6 6. Qg3 Qf4 7. Qxf4 exf4
8. d4 g5 9. h4 Be7 10. hxg5 Bxg5 11. g3 d6 12. Bxf4 Bxf4 13. gxf4 Nf6 14. Nd2
Be6 15. d5 Bd7 16. f3 O-O-O 17. O-O-O Rdg8 18. e5 Ne8 19. e6 fxe6 20. dxe6 Bc6
21. Ne4 Bxe4 22. fxe4 Nf6 23. e5 dxe5 24. fxe5 Ng4 25. e7 Rg6 26. Bf7 1-0

[Event "K41 Aabent Mesterskab 2008-09"]
[Site "Valby"]
[Date "2009.02.10"]
[Round "7"]
[White "Jorgensen, Kasper Moller"]
[Black "Jorgensen, Rasmus"]
[Result "0-1"]
[WhiteElo "1932"]
[BlackElo "2036"]
[PlyCount "109"]
[EventDate "2008.??.??"]

1. e4 g6 2. d4 Bg7 3. Nf3 d6 4. Bc4 Nf6 5. Qe2 O-O 6. O-O Bg4 7. h3 Bxf3 8.
Qxf3 Nc6 9. c3 e5 10. d5 Ne7 11. Be3 Nd7 12. Qe2 f5 13. f3 Nf6 14. Nd2 Kh8 15.
Bd3 Nh5 16. Kh2 Ng8 17. exf5 gxf5 18. Qe1 Bf6 19. Bxf5 Bh4 20. Qb1 Ng3 21. Bxh7
Nxf1+ 22. Nxf1 Nf6 23. Be4 Rg8 24. Qd3 Nxe4 25. Qxe4 Qf6 26. a4 a6 27. a5 Rg7
28. Ra4 Rh7 29. Rb4 Rg8 30. Rxb7 Rhg7 31. g4 Rh7 32. Qf5 Qxf5 33. gxf5 Rhg7 34.
Rb4 Rg2+ 35. Kh1 Bf6 36. Rg4 Rxb2 37. Kg1 Rb5 38. Ng3 Rxd5 39. Ne4 Rxg4+ 40.
fxg4 Bh4 41. Kg2 Rd3 42. Ba7 d5 43. Nc5 Rxc3 44. Nxa6 d4 45. Nc5 Rg3+ 46. Kf1
d3 47. Ne4 Rxh3 48. a6 Rf3+ 49. Kg2 Rg3+ 50. Kf1 Rxg4 51. Nc3 Rf4+ 52. Kg2 Rxf5
53. Be3 Rf6 54. a7 Ra6 55. Kf3 0-1

[Event "K41 Aabent Mesterskab 2008-09"]
[Site "Valby"]
[Date "2009.02.10"]
[Round "7"]
[White "Karup, Jesper"]
[Black "Sorensen, Dick"]
[Result "1/2-1/2"]
[WhiteElo "1638"]
[BlackElo "1873"]
[PlyCount "29"]
[EventDate "2008.??.??"]

1. e4 g6 2. d4 Bg7 3. Nf3 d6 4. Bc4 Nf6 5. Qe2 c6 6. c3 O-O 7. O-O d5 8. exd5
cxd5 9. Bd3 Bg4 10. h3 Bxf3 11. Qxf3 Nc6 12. Qe2 Qc7 13. f4 e6 14. Nd2 a6 15.
Nb3 1/2-1/2

[Event "K41 Aabent Mesterskab 2008-09"]
[Site "Valby"]
[Date "2009.02.10"]
[Round "7"]
[White "Krull, Carl"]
[Black "Hansen, Peter Steen"]
[Result "1-0"]
[WhiteElo "1467"]
[BlackElo "1124"]
[PlyCount "91"]
[EventDate "2008.??.??"]

1. e4 e5 2. Nf3 Nc6 3. Bc4 Nf6 4. Nc3 Be7 5. d3 O-O 6. a3 Re8 7. Nd5 Nxd5 8.
Bxd5 Nd4 9. Nxe5 Rf8 10. Be3 Ne6 11. Qh5 Bg5 12. O-O-O Bxe3+ 13. fxe3 Qg5 14.
Qxg5 Nxg5 15. h4 Ne6 16. Rdf1 f6 17. Nf3 d6 18. Rhg1 Kh8 19. g4 c6 20. Ba2 h6
21. Rf2 Re8 22. g5 fxg5 23. hxg5 h5 24. g6 Nf8 25. Rg5 Be6 26. Bxe6 Rxe6 27.
Nh4 Kg8 28. Rfg2 Rf6 29. Rxh5 Rf1+ 30. Kd2 Rh1 31. Rg4 Re8 32. Rhg5 Rh2+ 33.
Kc3 b5 34. Nf5 c5 35. Nxd6 b4+ 36. axb4 cxb4+ 37. Kb3 Rb8 38. Rg2 Rh1 39. Rg1
Rh2 40. R5g2 Rh5 41. Nf5 Ne6 42. d4 a5 43. Ka2 Kf8 44. Rf2 Ke8 45. d5 Nc5 46.
Nxg7+ 1-0

[Event "K41 Aabent Mesterskab 2008-09"]
[Site "Valby"]
[Date "2009.02.10"]
[Round "7"]
[White "Ringsborg, Allan"]
[Black "Christensen, Esben"]
[Result "0-1"]
[WhiteElo "1641"]
[BlackElo "1990"]
[PlyCount "58"]
[EventDate "2008.??.??"]

1. Nf3 Nf6 2. c4 g6 3. Nc3 Bg7 4. e4 d6 5. d4 O-O 6. h3 c6 7. Bd3 Qc7 8. Be3 e5
9. d5 Nbd7 10. Rc1 Nc5 11. Bc2 a5 12. a3 cxd5 13. Nxd5 Nxd5 14. cxd5 a4 15. O-O
Bd7 16. Nd2 f5 17. f3 Bb5 18. Rf2 f4 19. Bxc5 Qxc5 20. Bd3 Qb6 21. Bxb5 Qxb5
22. Nb1 Bf6 23. Rfc2 Bd8 24. Qe2 Bb6+ 25. Kf1 Qa5 26. Rc4 Bc5 27. Qc2 b5 28.
Rxc5 dxc5 29. Qxc5 Qa6 0-1

[Event "K41 Aabent Mesterskab 2008-09"]
[Site "Valby"]
[Date "2009.02.24"]
[Round "7"]
[White "Truelsen, Ole Illum"]
[Black "Nielsen, Jorgen Holmstrom"]
[Result "1-0"]
[WhiteElo "1802"]
[BlackElo "1591"]
[PlyCount "75"]
[EventDate "2008.??.??"]

1. c4 e5 2. Nc3 Nf6 3. g3 d5 4. cxd5 Nxd5 5. Bg2 Nxc3 6. bxc3 Be7 7. e3 c6 8.
d4 exd4 9. exd4 O-O 10. Nf3 Be6 11. O-O Nd7 12. Re1 Nb6 13. a4 a5 14. Rb1 Ra7
15. Bf1 Nd5 16. Qc2 Qd7 17. Bd3 Nf6 18. Ng5 h6 19. Nxe6 fxe6 20. Qe2 Nd5 21.
Bd2 Rf6 22. Qe4 Kf7 23. g4 c5 24. Bb5 Qc7 25. Qe5 Bd6 26. Qh5+ Kg8 27. g5 hxg5
28. Bxg5 g6 29. Qh6 Bf8 30. Qh4 Rf3 31. Rxe6 Qf7 32. Rbe1 Qh7 33. Qe4 Rxf2 34.
Rxg6+ Bg7 35. Qxd5+ Kh8 36. Re8+ Rf8 37. Rxf8+ Bxf8 38. Bf6+ 1-0

[Event "K41 Aabent Mesterskab 2008-09"]
[Site "Valby"]
[Date "2009.02.10"]
[Round "7"]
[White "Zmylon, Frederik Nielsen"]
[Black "Jorgensen, Orla Eilegaard"]
[Result "0-1"]
[WhiteElo "1516"]
[BlackElo "1390"]
[PlyCount "70"]
[EventDate "2008.??.??"]

1. e4 d6 2. d4 Nf6 3. e5 dxe5 4. dxe5 Qxd1+ 5. Kxd1 Ng4 6. Be3 Nxe5 7. Nc3 e6
8. Be2 Bb4 9. Bd4 Nbc6 10. Bb5 O-O 11. Bxe5 Nxe5 12. Nge2 Rd8+ 13. Ke1 a6 14.
Ba4 b5 15. Bb3 Bb7 16. f3 Rd7 17. a3 Ba5 18. Rd1 Rad8 19. Kf2 Bb6+ 20. Kg3 c5
21. Rxd7 Rxd7 22. Rd1 Rxd1 23. Nxd1 c4 24. Ba2 f5 25. b3 cxb3 26. Bxb3 Kf7 27.
Nf4 Bc8 28. Nf2 g5 29. N4d3 Nxd3 30. Nxd3 Kf6 31. f4 gxf4+ 32. Nxf4 Bc7 33. Kf3
Bb7+ 34. Ke3 Bxf4+ 35. Kxf4 Bxg2 0-1

[Event "K41 Aabent Mesterskab 2008-09"]
[Site "Valby"]
[Date "2009.02.27"]
[Round "8"]
[White "Eiholt, Bjarne"]
[Black "Krull, Carl"]
[Result "1/2-1/2"]
[WhiteElo "1578"]
[BlackElo "1467"]
[PlyCount "85"]
[EventDate "2008.??.??"]

1. d4 Nf6 2. c4 e5 3. dxe5 Ng4 4. Nf3 Nc6 5. Bf4 Bb4+ 6. Nc3 Qe7 7. a3 Bxc3+ 8.
bxc3 Ngxe5 9. Nxe5 Nxe5 10. e3 d6 11. Be2 O-O 12. O-O c5 13. h3 Be6 14. Qb3
Rab8 15. a4 f6 16. Rfd1 Rfd8 17. Rd2 Qf7 18. Bxe5 dxe5 19. Rad1 Rxd2 20. Rxd2
Qe7 21. Bf3 b6 22. Bd5 g6 23. Qb5 Re8 24. Qc6 Kf8 25. Bxe6 Qxe6 26. Rd6 Qxc4
27. Rxf6+ Kg7 28. Rd6 Re7 29. Rd8 Qxc3 30. Qc8 Qe1+ 31. Kh2 Qxf2 32. Rg8+ Kh6
33. Qd8 Qf7 34. Rf8 Qe6 35. Rh8 e4 36. Qf8+ Rg7 37. Qb8 Qf7 38. Rc8 Qe7 39.
Qf4+ Qg5 40. Qf2 Qe5+ 41. Kg1 Qa1+ 42. Kh2 Qe5+ 43. Kg1 1/2-1/2

[Event "K41 Aabent Mesterskab 2008-09"]
[Site "Valby"]
[Date "2009.02.24"]
[Round "8"]
[White "Mollmann, Erik"]
[Black "Ringsborg, Allan"]
[Result "1/2-1/2"]
[WhiteElo "1482"]
[BlackElo "1641"]
[PlyCount "64"]
[EventDate "2008.??.??"]

1. d4 f5 2. Bf4 Nf6 3. e3 b6 4. Nd2 Bb7 5. Ngf3 g6 6. Bc4 e6 7. O-O Bg7 8. Ng5
h6 9. Ngf3 Nc6 10. Re1 d5 11. Bb5 Nd7 12. c4 a6 13. Ba4 dxc4 14. Bxc6 Bxc6 15.
Nxc4 Be4 16. Nce5 Nxe5 17. Nxe5 Bxe5 18. Bxe5 O-O 19. Rc1 Rc8 20. f3 Bb7 21. e4
fxe4 22. fxe4 Rf7 23. Qg4 Qg5 24. Qxe6 c5 25. Rf1 Rcf8 26. Rce1 Bc8 27. Qb3 b5
28. Rxf7 Rxf7 29. Qd5 Bb7 30. Qe6 Bxe4 31. Qe8+ Rf8 32. Qe6+ Rf7 1/2-1/2

[Event "K41 Aabent Mesterskab 2008-09"]
[Site "Valby"]
[Date "2009.03.03"]
[Round "9"]
[White "Christensen, Aage Niels"]
[Black "Sorensen, Hans Erik Then"]
[Result "1-0"]
[WhiteElo "1463"]
[BlackElo "1308"]
[PlyCount "23"]
[EventDate "2008.??.??"]

1. e4 e5 2. f4 exf4 3. Nf3 g5 4. Bc4 d6 5. O-O Bg4 6. d4 Bg7 7. c3 Nd7 8. Qb3
Be6 9. Bxe6 fxe6 10. Qxe6+ Kf8 11. Qf5+ Qf6 12. Qxd7 1-0